| 000 | 00406nam a2200145Ia 4500 | ||
|---|---|---|---|
| 008 | 230312s9999||||xx |||||||||||||| ||und|| | ||
| 020 | _a0-7858-1722-0 | ||
| 082 |
_a629.13 _bAIR |
||
| 245 | 0 | _aAIR CRAFT ANATOMY OF WORLD WAR II | |
| 260 |
_bCHARTWELL _aNew Jersey _c2003 |
||
| 300 | _a256 | ||
| 546 | _aEng. | ||
| 650 |
_aAviation _vBombers and Dive Bombers , Fighter and Ground Attack Aircraft |
||
| 942 | _cBK | ||
| 999 |
_c1220 _d1220 |
||